[Event "Dyfed op 48th"]
[Site "Fishguard"]
[Date "2019.02.23"]
[Round "2.12"]
[White "Fraser, Susanna"]
[Black "Haigh, Tony"]
[Result "1/2-1/2"]
[WhiteElo "1578"]
[BlackElo "1793"]
[PlyCount "50"]
[EventDate "2019.02.22"]
[EventType "swiss"]
[EventRounds "5"]
[EventCountry "WLS"]
[SourceTitle "EXT 2020"]
[Source "ChessBase"]
[SourceDate "2019.10.17"]
[SourceVersion "1"]
[SourceVersionDate "2019.10.17"]
[SourceQuality "1"]

1. d4 e6 2. c4 f5 3. Nf3 Bb4+ 4. Bd2 Qe7 5. g3 Nf6 6. Nc3 0-0 7. Bh3 b6 8. 0-0 Bb7 9. Bg2 d6 10. Qc2 Bxc3 11. Bxc3 Nbd7 12. Rad1 Be4 13. Qb3 c5 14. d5 e5 15. Bd2 h6 16. Rfe1 g5 17. h3 Qh7 18. Qc3 Rf7 19. Bf1 f4 20. g4 Qg7 21. Bg2 h5 22. Nh2 hxg4 23. Nxg4 Bf5 24. f3 Qh7 25. e4 Bg6 1/2-1/2

[Event "Dyfed op 48th"]
[Site "Fishguard"]
[Date "2019.02.23"]
[Round "3.13"]
[White "Haigh, Tony"]
[Black "Jones, Dewi"]
[Result "0-1"]
[WhiteElo "1793"]
[BlackElo "1504"]
[PlyCount "62"]
[EventDate "2019.02.22"]
[EventType "swiss"]
[EventRounds "5"]
[EventCountry "WLS"]
[SourceTitle "EXT 2020"]
[Source "ChessBase"]
[SourceDate "2019.10.17"]
[SourceVersion "1"]
[SourceVersionDate "2019.10.17"]
[SourceQuality "1"]

1. d4 Nf6 2. Bg5 c5 3. Bxf6 exf6 4. Nc3 cxd4 5. Qxd4 Nc6 6. Qe4+ Be7 7. e3 Qa5 8. 0-0-0 f5 9. Qd5 0-0 10. g3 Bc5 11. Nge2 d6 12. Qb3 Be6 13. Qb5 Qxb5 14. Nxb5 Bxa2 15. b3 a6 16. Nbc3 Ba3+ 17. Kd2 Bxb3 18. cxb3 Bb4 19. Kc2 Rac8 20. Bg2 Bxc3 21. Nxc3 Nb4+ 22. Kb2 Rc7 23. Nd5 Rc2+ 24. Kb1 Rxf2 25. Ne7+ Kh8 26. Bxb7 Re8 27. Rc1 Re2 28. Nxf5 g6 29. Nxd6 R8xe3 30. Rc8+ Kg7 31. Rhc1 Rxb3+ 0-1

[Event "WLS-chT 1718"]
[Site "Wales"]
[Date "2017.11.05"]
[Round "2.11"]
[White "Haigh, Tony"]
[Black "May, Adam John"]
[Result "0-1"]
[WhiteElo "1823"]
[BlackElo "1939"]
[PlyCount "62"]
[EventDate "2017.10.22"]
[EventType "team-tourn"]
[EventRounds "5"]
[EventCountry "WLS"]
[SourceTitle "EXT 2020"]
[Source "ChessBase"]
[SourceDate "2019.10.17"]
[SourceVersion "1"]
[SourceVersionDate "2019.10.17"]
[SourceQuality "1"]
[WhiteTeam "Cardigan"]
[BlackTeam "White Knights"]
[WhiteTeamCountry "WLS"]
[BlackTeamCountry "WLS"]

1. d4 d5 2. Nf3 Nf6 3. c4 e6 4. Nc3 Bb4 5. Qc2 dxc4 6. e3 b5 7. Bd2 c6 8. Be2 Bb7 9. a4 a5 10. 0-0 Bxc3 11. Bxc3 Nbd7 12. Bd2 0-0 13. Ng5 h6 14. Ne4 Nxe4 15. Qxe4 e5 16. dxe5 Nc5 17. Qc2 Nxa4 18. Bxc4 Nxb2 19. Bxf7+ Rxf7 20. Qxb2 b4 21. e4 Qd3 22. Be3 Qxe4 23. Bb6 Re7 24. Rfe1 Qd5 25. Rad1 Qb5 26. Qb3+ Kh8 27. Rd8+ Rxd8 28. Bxd8 Re8 29. Bc7 c5 30. e6 Qc6 31. Bxa5 Qxg2# 0-1

[Event "WLS-chT 1617"]
[Site "Wales"]
[Date "2017.04.02"]
[Round "4.5"]
[White "Jukes, Sam"]
[Black "Haigh, Tony"]
[Result "1-0"]
[WhiteElo "1748"]
[BlackElo "1817"]
[PlyCount "145"]
[EventDate "2016.10.02"]
[EventType "team-tourn"]
[EventRounds "5"]
[EventCountry "WLS"]
[SourceTitle "EXT 2019"]
[Source "ChessBase"]
[SourceDate "2018.10.10"]
[SourceVersion "1"]
[SourceVersionDate "2018.10.10"]
[SourceQuality "1"]
[WhiteTeam "The Vale"]
[BlackTeam "Cardigan"]
[WhiteTeamCountry "WLS"]
[BlackTeamCountry "WLS"]

1. d4 f5 2. c4 e6 3. Nf3 Bb4+ 4. Nc3 Nf6 5. Bg5 Bxc3+ 6. bxc3 b6 7. e3 Bb7 8. Be2 d6 9. Qb3 c5 10. dxc5 dxc5 11. Ne5 0-0 12. Rd1 Qc7 13. Bf4 Qe7 14. 0-0 Nbd7 15. Nxd7 Nxd7 16. Qb5 Nb8 17. Bxb8 Raxb8 18. Rd7 Qg5 19. g3 Rfc8 20. Rd6 Qe7 21. Rfd1 Rd8 22. Rd7 Qf6 23. Bf1 e5 24. Qb1 Rxd7 25. Rxd7 Qc6 26. Rd5 Qe6 27. Rd2 Bf3 28. Qd3 Be4 29. Qd7 Qxd7 30. Rxd7 Rb7 31. Rd6 Kf7 32. Bg2 Bxg2 33. Kxg2 Ke7 34. Rd5 Ke6 35. Kf3 g5 36. g4 Rf7 37. gxf5+ Kxf5 38. Kg3 h5 39. f3 Rf8 40. h3 Rf7 41. a4 Rc7 42. Rd8 Kf6 43. Rd6+ Kf7 44. Rh6 Rc8 45. Rxh5 Rd8 46. Rh7+ Kf6 47. Rxa7 Rd3 48. e4 Rxc3 49. Rb7 Rxc4 50. Rxb6+ Kf7 51. a5 Ra4 52. a6 c4 53. Kg4 c3 54. Rc6 c2 55. Rxc2 Rxa6 56. Kxg5 Rg6+ 57. Kf5 Rf6+ 58. Kxe5 Rxf3 59. Rh2 Ra3 60. Kf4 Kf6 61. h4 Kg6 62. Kg4 Ra4 63. h5+ Kh6 64. Kf5 Ra5+ 65. e5 Ra1 66. e6 Rf1+ 67. Ke5 Re1+ 68. Kf6 Rf1+ 69. Ke7 Re1 70. Kf7 Rf1+ 71. Ke8 Re1 72. e7 Re3 73. Rf2 1-0

[Event "WLS-chT 1617"]
[Site "Wales"]
[Date "2017.01.22"]
[Round "2.12"]
[White "Haigh, Tony"]
[Black "Bevan, Peter M"]
[Result "1/2-1/2"]
[WhiteElo "1817"]
[BlackElo "1913"]
[PlyCount "103"]
[EventDate "2016.10.02"]
[EventType "team-tourn"]
[EventRounds "5"]
[EventCountry "WLS"]
[SourceTitle "EXT 2019"]
[Source "ChessBase"]
[SourceDate "2018.10.10"]
[SourceVersion "1"]
[SourceVersionDate "2018.10.10"]
[SourceQuality "1"]
[WhiteTeam "Cardigan"]
[BlackTeam "White Knights"]
[WhiteTeamCountry "WLS"]
[BlackTeamCountry "WLS"]

1. d4 Nf6 2. Bg5 d5 3. c4 e6 4. Nc3 Nbd7 5. e3 Be7 6. cxd5 exd5 7. Bd3 0-0 8. Nf3 c6 9. 0-0 Re8 10. Qc2 h6 11. Bh4 Ne4 12. Bxe7 Qxe7 13. b4 Ndf6 14. b5 c5 15. dxc5 Nxc5 16. Be2 Be6 17. Qb2 Nce4 18. Rac1 Rac8 19. Nd4 Nxc3 20. Rxc3 Rxc3 21. Qxc3 Rc8 22. Qb2 Qc7 23. Bd3 Ng4 24. g3 Ne5 25. Bb1 Bh3 26. Rd1 Bg4 27. Re1 Qc3 28. Qxc3 Rxc3 29. Kg2 Nc4 30. h3 Bd7 31. Re2 Na3 32. Rb2 g6 33. b6 a6 34. Bc2 Nxc2 35. Rxc2 Rxc2 36. Nxc2 a5 37. h4 Kf8 38. Nd4 a4 39. Kf3 Ke7 40. Nc2 Kd6 41. Nb4 Kc5 42. a3 Be6 43. Ke2 Kxb6 44. Kd3 Kc5 45. Kc3 Bf5 46. f3 h5 47. f4 Be4 48. Na2 Bg2 49. Nb4 Be4 50. Na2 Bf3 51. Nb4 Be4 52. Na2 1/2-1/2

[Event "EU-Cup 32nd"]
[Site "Novi Sad"]
[Date "2016.11.10"]
[Round "5.4"]
[White "Haigh, Tony"]
[Black "Spencer, Douglas"]
[Result "1/2-1/2"]
[WhiteElo "1810"]
[BlackElo "1961"]
[PlyCount "86"]
[EventDate "2016.11.06"]
[EventType "team-swiss"]
[EventRounds "7"]
[EventCountry "SRB"]
[SourceTitle "CBM 176"]
[Source "ChessBase"]
[SourceDate "2017.01.17"]
[SourceVersion "1"]
[SourceVersionDate "2017.01.17"]
[SourceQuality "1"]
[WhiteTeam "Cardigan"]
[BlackTeam "Abergavenny"]
[WhiteTeamCountry "WLS"]
[BlackTeamCountry "WLS"]

1. d4 d5 2. c4 e6 3. Nc3 c6 4. cxd5 exd5 5. Nf3 Nf6 6. Bg5 Be7 7. e3 Nbd7 8. Qc2 0-0 9. Bd3 Re8 10. 0-0 Ne4 11. Bxe7 Qxe7 12. a3 f5 13. b4 a6 14. Rfe1 Kh8 15. g3 Qf7 16. Bf1 Qh5 17. Bg2 g5 18. Rac1 Nf8 19. Qe2 Ng6 20. Ne5 Qxe2 21. Nxg6+ hxg6 22. Rxe2 g4 23. Na4 Nd6 24. Nc5 Nc4 25. a4 b6 26. Nd3 Bb7 27. Ra2 g5 28. a5 b5 29. h3 gxh3 30. Bxh3 Bc8 31. Bf1 Ra7 32. Be2 Rh7 33. Kg2 g4 34. Raa1 Kg7 35. Rh1 Reh8 36. Rxh7+ Rxh7 37. Rh1 Rxh1 38. Kxh1 Kf6 39. Kg1 Nd2 40. Ne5 Bb7 41. f3 gxf3 42. Nxf3 Nxf3+ 43. Bxf3 Kg5 1/2-1/2

[Event "South Wales Autumn op"]
[Site "Pencoed"]
[Date "2016.10.09"]
[Round "4"]
[White "Haigh, Tony"]
[Black "Bevan, Peter M"]
[Result "1-0"]
[WhiteElo "1804"]
[BlackElo "1961"]
[PlyCount "61"]
[EventDate "2016.10.07"]
[EventType "swiss"]
[EventRounds "5"]
[EventCountry "WLS"]
[SourceTitle "CBM 175 Extra"]
[Source "ChessBase"]
[SourceDate "2016.12.12"]
[SourceVersion "1"]
[SourceVersionDate "2016.12.12"]
[SourceQuality "1"]

1. d4 Nf6 2. Bg5 g6 3. Bxf6 exf6 4. e3 Bg7 5. g3 c6 6. Bg2 Qb6 7. b3 d5 8. Nd2 Be6 9. Ne2 f5 10. 0-0 Nd7 11. c4 Nf6 12. c5 Qc7 13. b4 0-0 14. a4 b6 15. Nb3 Nd7 16. Qc2 bxc5 17. Nxc5 Rfb8 18. Na6 Qd6 19. Nxb8 Rxb8 20. b5 c5 21. dxc5 Qxc5 22. Qxc5 Nxc5 23. Nd4 Bxd4 24. exd4 Nb3 25. Rad1 Rc8 26. Rd3 Nc1 27. Re3 Rc2 28. Bf3 Na2 29. Rb3 Rc4 30. a5 Nc1 31. Rb1 1-0

[Event "South Wales Autumn op"]
[Site "Pencoed"]
[Date "2016.10.09"]
[Round "5"]
[White "Jukes, Sam"]
[Black "Haigh, Tony"]
[Result "1/2-1/2"]
[WhiteElo "1699"]
[BlackElo "1804"]
[PlyCount "56"]
[EventDate "2016.10.07"]
[EventType "swiss"]
[EventRounds "5"]
[EventCountry "WLS"]
[SourceTitle "CBM 175 Extra"]
[Source "ChessBase"]
[SourceDate "2016.12.12"]
[SourceVersion "1"]
[SourceVersionDate "2016.12.12"]
[SourceQuality "1"]

1. d4 e6 2. c4 f5 3. Nf3 Bb4+ 4. Bd2 Qe7 5. e3 Nf6 6. Bxb4 Qxb4+ 7. Qd2 Qxd2+ 8. Nbxd2 b6 9. Be2 Bb7 10. 0-0 0-0 11. b4 d6 12. b5 Nbd7 13. a4 a5 14. Nb3 Ne4 15. Nfd2 Nxd2 16. Nxd2 e5 17. Nb3 Rae8 18. Rfe1 Rf6 19. Rac1 exd4 20. Nxd4 Nc5 21. Ra1 f4 22. Bf3 fxe3 23. Rxe3 Rxe3 24. fxe3 Bxf3 25. gxf3 Nd3 26. Ra2 Kf7 27. f4 Nc5 28. Kg2 Ke7 1/2-1/2

[Event "WLS-chT 1617"]
[Site "Wales"]
[Date "2016.10.02"]
[Round "1.10"]
[White "Moore, Robert"]
[Black "Haigh, Tony"]
[Result "1-0"]
[WhiteElo "1806"]
[BlackElo "1817"]
[PlyCount "107"]
[EventDate "2016.10.02"]
[EventType "team-tourn"]
[EventRounds "5"]
[EventCountry "WLS"]
[SourceTitle "EXT 2019"]
[Source "ChessBase"]
[SourceDate "2018.10.10"]
[SourceVersion "1"]
[SourceVersionDate "2018.10.10"]
[SourceQuality "1"]
[WhiteTeam "Nidum"]
[BlackTeam "Cardigan"]
[WhiteTeamCountry "WLS"]
[BlackTeamCountry "WLS"]

1. d4 e6 2. Nf3 d5 3. e3 Nf6 4. Bd3 c5 5. c3 Nc6 6. Nbd2 cxd4 7. exd4 Bd6 8. 0-0 0-0 9. Re1 Rb8 10. Ne5 Qc7 11. f4 b5 12. Ndf3 b4 13. Nxc6 Qxc6 14. Ne5 Qb6 15. Re3 Ba6 16. Bc2 bxc3 17. bxc3 h6 18. g4 Qc7 19. h4 Ne4 20. Qe1 f5 21. g5 Bxe5 22. fxe5 Qf7 23. Rf3 Qh5 24. Bd1 hxg5 25. Bxg5 Nxg5 26. hxg5 Qxg5+ 27. Rg3 Qf4 28. Rf3 Qh6 29. Qf2 Kf7 30. Qg2 Rh8 31. Bb3 Rh7 32. Rb1 Rbh8 33. Rxf5+ exf5 34. Qxd5+ Kg6 35. Qg2+ Qg5 36. Bf7+ Kxf7 37. Qxg5 Rh1+ 38. Kg2 R8h2+ 39. Kg3 Rh3+ 40. Kf4 Rh4+ 41. Kxf5 Bc8+ 42. e6+ Bxe6+ 43. Ke5 Rh5 44. Rf1+ Ke8 45. Kxe6 Rxg5 46. Rxh1 Rg6+ 47. Kd5 Ra6 48. Rh2 Ke7 49. c4 g5 50. c5 g4 51. Rh7+ Kd8 52. c6 g3 53. Kd6 g2 54. Rh8# 1-0

[Event "WLS-chT 1516"]
[Site "Wales"]
[Date "2016.01.24"]
[Round "4.11"]
[White "Haigh, Tony"]
[Black "Jukes, Sam"]
[Result "1-0"]
[WhiteElo "1816"]
[BlackElo "1671"]
[PlyCount "129"]
[EventDate "2015.11.01"]
[EventType "team-tourn"]
[EventRounds "7"]
[EventCountry "WLS"]
[SourceTitle "EXT 2018"]
[Source "ChessBase"]
[SourceDate "2017.10.13"]
[SourceVersion "1"]
[SourceVersionDate "2017.10.13"]
[SourceQuality "1"]

1. d4 d5 2. Nf3 Nf6 3. c4 c6 4. cxd5 cxd5 5. Nc3 g6 6. Bf4 Bg7 7. e3 Bd7 8. Qb3 Bc6 9. Nb5 Qa5+ 10. Qc3 Qxc3+ 11. bxc3 Bxb5 12. Bxb5+ Nbd7 13. Ne5 a6 14. Nxd7 Nxd7 15. Bd3 Rc8 16. Kd2 e5 17. Bg3 0-0 18. Rhb1 Rc7 19. Rb3 Rfc8 20. a4 f6 21. Rab1 Nf8 22. Rxb7 Rxc3 23. R7b3 exd4 24. exd4 Rxb3 25. Rxb3 Rc6 26. Rc3 Rb6 27. a5 Rb4 28. Bxa6 Rxd4+ 29. Rd3 Ne6 30. Bc8 Bh6+ 31. f4 Re4 32. Bxe6+ Rxe6 33. Rxd5 Re4 34. Kd3 Ra4 35. f5 gxf5 36. Rxf5 Kf7 37. Bc7 Bf8 38. Rb5 Ke8 39. Rb8+ Kd7 40. Rxf8 Kxc7 41. Rxf6 Rxa5 42. Rf7+ Kd6 43. Rxh7 Ke6 44. Rg7 Kf6 45. Rg4 Kf5 46. h3 Ra3+ 47. Ke2 Ra2+ 48. Kf3 Ra3+ 49. Kf2 Ra2+ 50. Kg3 Ra3+ 51. Kh4 Ra7 52. Rg5+ Kf4 53. g3+ Kf3 54. Rf5+ Ke4 55. g4 Rh7+ 56. Kg3 Rh8 57. h4 Ra8 58. Rf4+ Ke5 59. g5 Ra3+ 60. Kg4 Ra1 61. Rf5+ Ke4 62. Rf6 Ke5 63. Rf2 Ke6 64. g6 Ra5 65. g7 1-0

[Event "EU-Cup 31st"]
[Site "Skopje"]
[Date "2015.10.18"]
[Round "1.5"]
[White "Kaganskiy, Gleb"]
[Black "Haigh, Tony"]
[Result "1-0"]
[WhiteElo "2229"]
[BlackElo "1824"]
[PlyCount "49"]
[EventDate "2015.10.18"]
[EventType "team-swiss"]
[EventRounds "7"]
[EventCountry "MKD"]
[SourceTitle "CBM 169"]
[Source "ChessBase"]
[SourceDate "2015.11.10"]
[SourceVersion "1"]
[SourceVersionDate "2015.11.10"]
[SourceQuality "1"]
[WhiteTeam "Rishon Le Zion"]
[BlackTeam "Cardigan"]
[WhiteTeamCountry "ISR"]
[BlackTeamCountry "WLS"]

1. d4 Nf6 2. c4 e6 3. Nc3 Bb4 4. e3 b6 5. Nf3 Ne4 6. Qc2 Bb7 7. Bd3 f5 8. Bd2 Nxd2 9. Qxd2 0-0 10. a3 Be7 11. d5 Qe8 12. Nd4 Bf6 13. 0-0 Bxd4 14. exd4 a6 15. Rfe1 Qg6 16. Qf4 Ra7 17. Re3 Bc8 18. Rae1 Qg4 19. Qxg4 fxg4 20. Re4 h5 21. Re5 h4 22. Rg5 exd5 23. Re7 Rf7 24. Re8+ Rf8 25. Bh7+ 1-0

[Event "WLS-chT 1415"]
[Site "Cardiff"]
[Date "2015.04.12"]
[Round "6.17"]
[White "Hurn, Robert AJ"]
[Black "Haigh, Tony"]
[Result "1/2-1/2"]
[WhiteElo "1681"]
[BlackElo "1772"]
[PlyCount "37"]
[EventDate "2014.10.19"]
[EventType "team-swiss"]
[EventRounds "7"]
[EventCountry "WLS"]
[SourceTitle "EXT 2016"]
[Source "ChessBase"]
[SourceDate "2015.10.08"]
[SourceVersion "1"]
[SourceVersionDate "2015.10.08"]
[SourceQuality "1"]

1. d4 e6 2. c4 Nf6 3. Nc3 Bb4 4. e3 0-0 5. Bd3 d5 6. Nf3 c5 7. 0-0 cxd4 8. exd4 dxc4 9. Bxc4 b6 10. Bg5 Be7 11. Re1 Bb7 12. Rc1 Na6 13. Ne5 Nc7 14. Bd3 h6 15. Bh4 Nfd5 16. Bxe7 Nxe7 17. Bb1 Ncd5 18. Qd3 Nf6 19. Ng4 1/2-1/2